008340000a2200169000450024503190000030000100031965000240032965000380035365000340039165000280042565100130045304100140046671000710048011000450055126000500059626000180064610aResolución N° 00497 del 31 de octubre de 1997 emanada del Ministerio de Agricultura por el cual se fija el procedimiento y se establecen los parámetros técnicos que deben cumplir las especies forestales, para su inclusión en el listado de especies beneficiarias del Certificado de Incentivo Forestal. CIF. a15 p.14aRecursos forestales14aCertificado de Incentivo Forestal14aCaracterización ecológica14aLegislación ambiental 4pColombia0 aEspañol1 aCorporación para el Desarrollo Sostenible del Sur de la Amazonia1 lColombia aMinisterio del Medio Ambiente aBogotábMinisterio del Medio Ambientec1997 bCorpoamazonia